مصر و كيف غدر بها / (رقم التسجيلة. 26394)

تفاصيل مارك
000 -LEADER
fixed length control field 00637nam a22001937a 4500
005 - DATE AND TIME OF LATEST TRANSACTION
control field 20251108165356.0
008 - FIXED-LENGTH DATA ELEMENTS--GENERAL INFORMATION
fixed length control field 250721s1995 xx 000 0 ara d
082 14 - DEWEY DECIMAL CLASSIFICATION NUMBER
Classification number 962/فار
100 1# - MAIN ENTRY--PERSONAL NAME
Personal name فارمان، ألبرت
245 10 - TITLE STATEMENT
Title مصر و كيف غدر بها /
246 11 - VARYING FORM OF TITLE
Title proper/short title Egypt and its betryal
264 1# - PRODUCTION, PUBLICATION, DISTRIBUTION, MANUFACTURE, AND COPYRIGHT NOTICE
Place of production, publication, distribution, manufacture القاهرة :
Name of producer, publisher, distributor, manufacturer الزهراء للإعلام العربي - قسم النشر،
Date of production, publication, distribution, manufacture, or copyright notice 1995.
300 ## - PHYSICAL DESCRIPTION
Extent 368ص
650 17 - SUBJECT ADDED ENTRY--TOPICAL TERM
Topical term or geographic name as entry element تاريخ مصر
700 1# - ADDED ENTRY--PERSONAL NAME
Personal name عنايت، عبد الفتاح
Relator term ترجمة
700 1# - ADDED ENTRY--PERSONAL NAME
Personal name عنايت، إبتسام عبد الفتاح
Relator term تحقيق
942 ## - ADDED ENTRY ELEMENTS (KOHA)
Source of classification or shelving scheme Dewey Decimal Classification
Koha item type كتب
المقتنيات
حالة السحب حالة الفقدان مصدر التصنيف حالة التلف غير قابل للإعارة المكتبة الرئيسية المكتبة الحالية موقع الرف تاريخ التزويد الرقم المتسلسل Total Checkouts رقم الإستدعاء الباركود تاريخ آخر ظهور تاريخ الفاتورة نوع المادة (كوها)
    Dewey Decimal Classification     المكتبة المركزية المكتبة المركزية الإعارة 12/07/2004 202930   962/فار 202930 28/07/2025 12/07/2004 كتب
    Dewey Decimal Classification     مكتبة الأميرة ايمان العامة مكتبة الأميرة ايمان العامة الإعارة 07/10/2013 [3217]   962/فار PLD00282556 28/07/2025 07/10/2013 كتب
    Dewey Decimal Classification     مكتبة صويلح العامة مكتبة صويلح العامة الإعارة 05/07/2019 003943   962/فار PLD00456247 28/07/2025 05/07/2019 كتب
Implemented & Customized by: BBB with SCIT (Smart Chains for Information Technology)

Powered by Koha